Statistics for World Capitals A-Z: Least Isolated

Click here to take the quiz!

General Stats

  • This quiz has been taken 33 times
  • The average score is 17 of 24

Answer Stats

D (km)Capital City% Correct
117 ZZagreb
96%
728 QQuito
92%
4 VVatican City
92%
368 IIslamabad
85%
4 RRome
85%
1,170 UUlaanbaatar
85%
71 JJerusalem
81%
7 KKinshasa
77%
393 WWarsaw
77%
82 HHelsinki
73%
415 OOuagadougou
73%
82 TTallinn
73%
170 YYerevan
73%
71 AAmman
69%
126 FFreetown
69%
78 SSkopje
69%
7 BBrazzaville
65%
78 PPristina
65%
84 DDamascus
62%
117 LLjubljana
50%
95 CCastries
46%
177 GGuatemala City
46%
140 MManama
27%
241 NNicosia
19%

Score Distribution

Percentile by Number Answered

Percent of People with Each Score

Your Score History

You have not taken this quiz